000 01336nam a2200349 a 4500
001 000111044
003 CHAP
005 20220329144155.0
008 141126s2014 mx a |sm |||||||spa d
010 _a107506
011 _a108478
040 _cCHAP
090 _aTesis
100 1 _aGómez Radilla, Jair
_9128835
245 1 0 _aEvaluación del desempeño de tres programas comerciales para diseñar sistemas de riego presurizado (IRRICAD, IrrigaCAD y WCADI)
_h[En línea]
_cpor Jair Gómez Radilla y Francisco Torres Torres.
260 _aChapingo, Méx. :
_bEl autor,
_c2014.
500 _aPara ver el contenido del material haga clic en la liga
502 _aTesis (Ing. Agr. Esp. en Irrigación) -- UACH. Departamento de Irrigación
590 _aE11695DGD
_b10
_c20141128
_lUCH01
_h0830
590 _aE5652GLJ
_b05
_c20141126
_lUCH01
_h1439
590 _aE5652GLJ
_b05
_c20141126
_lUCH01
_h1440
590 _aE5652GLJ
_b05
_c20141126
_lUCH01
_h1440
590 _aE5652GLJ
_b05
_c20141127
_lUCH01
_h1417
650 1 4 _aIrrigación
_xInnovaciones tecnológicas.
_960424
650 1 4 _aRiego localizado.
_997374
650 1 4 _aSistemas de riego.
_9106772
700 1 _aTorres Torres, Francisco
_9128836
856 _aFinding aid
_uhttp://10.13.5.2/tesis/sist111044.pdf
_zTeclea aquí
901 _aBK
942 _cTESIS
942 _n0
999 _c107506
_d107506